One Piece - Charlotte Family - Statistics

General Stats
  • This quiz has been taken 833 times
  • The average score is 32 of 85
Answer Stats
Answer % Correct
Katakuri
99%
Perospero
88%
Oven
87%
Smoothie
86%
Cracker
83%
Pudding
83%
Brûlée
79%
Daifuku
74%
Lola
67%
Mont-d'Or
65%
Opera
64%
Chiffon
60%
Amande
53%
Snack
52%
Compo
51%
Flampe
50%
Compote
49%
Galette
46%
Newshi
41%
Praline
40%
Anana
39%
Cinnamon
37%
Citron
37%
Newsan
36%
Counter
35%
Mascarpone
35%
Mondée
35%
Newgo
35%
Newichi
35%
Cabaletta
34%
Cadenza
34%
Effilée
34%
Joscarpone
34%
Newji
34%
Dragée
33%
Gala
33%
Nutmeg
33%
Dolce
32%
Hachée
32%
High-Fat
32%
Tablet
32%
Angel
31%
Brownie
31%
Custard
31%
Akimeg
30%
Allmeg
30%
Mobile
30%
Montb
30%
Moscato
30%
Nusstorte
30%
Raisin
30%
Nougat
29%
Poire
29%
Anglais
28%
Bavarois
28%
Broyé
28%
Fuyumeg
28%
Harumeg
28%
Yuen
28%
De-Chat
27%
Mozart
27%
Myukuru
27%
Noisette
27%
Normande
27%
Saint-Marc
27%
Cornstarch
26%
Kato
26%
Dacquoise
25%
Dosmarche
25%
Laurin
25%
Mash
25%
Prim
25%
Marble
24%
Joconde
23%
Maple
23%
Wafers
23%
Wiro
23%
Zuccotto
23%
Kanten
22%
Chiboust
21%
Marnier
21%
Melise
21%
Panna
21%
Baskarte
20%
Basans
19%
No matching quizzes found
Score Distribution
Percent of People with Each Score
Percentile by Number Answered
Your Score History
You have not taken this quiz